000 00256nam a2200097Ia 4500
001 681555
005 20250826161402.0
008 250824s9999 xx 000 0 und d
245 0 _aLA FONTAINE DEN SEÇMELER
_cJEAN DE LA FONTAINE
260 _bAKVARYUM YAYINEVİ
999 _c681555
_d681555